| 000 | 01065cad a2200277 4500 | ||
|---|---|---|---|
| 001 | L158550 | ||
| 008 | 110215n2013 000 0 eng u | ||
| 020 | _a9781783210305 | ||
| 035 | _a(Sirsi) u158550 | ||
| 041 | _aeng | ||
| 100 | 1 | _aMujumdar, Purva | |
| 111 | 2 |
_aConstruction and Building Research Conference _cIIT Delhi, New Delhi _d10-12 September 2013 |
|
| 245 | 0 | 2 |
_aA design iteration framework for construction projects _h[electronic resource] |
| 260 |
_aLondon _bRICS _c2013 |
||
| 490 | 0 |
_aCOBRA _v2013 |
|
| 520 | _aA paper presented at the COBRA Conference in New Delhi on 10-12 September 2013. Presents design iteration as a framework in order to process the complexity demanded by the innovation inherent in upcoming projects. | ||
| 650 | 2 | 4 | _aDESIGN MANAGEMENT |
| 650 | 2 | 4 | _aINFORMATION FLOW |
| 650 | 2 | 4 | _aFEEDBACK CYCLES |
| 650 | 2 | 4 | _aCONSTRUCTION AND BUILDING RESEARCH CONFERENCE (COBRA) |
| 651 | 4 | _aIndia | |
| 690 | _aDesign and specification | ||
| 700 | 1 | _aMaheswari, Uma | |
| 710 | 1 | _aIndian Institute of Technology | |
| 942 | _n0 | ||
| 999 |
_c115375 _d115375 |
||